Statistics for Coldest Major World Cities

Click here to take the quiz!

General Stats

  • This quiz has been taken 212 times
  • The average score is 8 of 17

Answer Stats

°CContinentCity% Correct
5.8EuropeMoscow
95%
9.4North AmericaToronto
83%
5.8EuropeSaint Petersburg
82%
7.6EuropeStockholm
80%
7.4North AmericaMontreal
73%
8.5EuropeWarsaw
60%
8.4EuropeKiev
57%
7.9North AmericaMinneapolis
46%
4.3AsiaHarbin
42%
8.9AsiaSapporo
39%
6.9AsiaÜrümqi
35%
8.4AsiaShenyang
27%
9.0EuropeHamburg
22%
5.7AsiaChangchun
16%
7.2AsiaBaotou
6%
8.4EuropeLeeds
6%
9.4EuropeStuttgart
6%

Score Distribution

Percentile by Number Answered

Percent of People with Each Score

Your Score History

You have not taken this quiz